Bauxities (Record no. 477290)

MARC details
000 -LEADER
fixed length control field 00660nam a2200253Ia 4500
003 - CONTROL NUMBER IDENTIFIER
control field OSt
005 - DATE AND TIME OF LATEST TRANSACTION
control field 20220925165450.0
008 - FIXED-LENGTH DATA ELEMENTS--GENERAL INFORMATION
fixed length control field 220923b |||||||| |||| 00| 0 eng d
037 ## - SOURCE OF ACQUISITION
Terms of availability General Book
040 ## - CATALOGING SOURCE
Original cataloging agency RTL
Transcribing agency RTL
Language of cataloging eng
041 ## - LANGUAGE CODE
Source of code eng
Language code of text/sound track or separate title eng
100 ## - MAIN ENTRY--PERSONAL NAME
Personal name Valeton Ida
9 (RLIN) 233489
245 #0 - TITLE STATEMENT
Title Bauxities
260 ## - PUBLICATION, DISTRIBUTION, ETC.
Place of publication, distribution, etc. Amsterdam
Name of publisher, distributor, etc. Elsevier
Date of publication, distribution, etc. 1972
300 ## - PHYSICAL DESCRIPTION
Extent vii,226p.
Dimensions cm.
490 ## - SERIES STATEMENT
Series statement Developments In Soil Science.1
500 ## - GENERAL NOTE
General note Bib p. 203-13
650 ## - SUBJECT ADDED ENTRY--TOPICAL TERM
Topical term or geographic name entry element Geology
9 (RLIN) 15465
942 ## - ADDED ENTRY ELEMENTS (KOHA)
Classification part H1131, L2
Koha item type General Books
Source of classification or shelving scheme Colon Classification (CC)
Holdings
Withdrawn status Lost status Damaged status Not for loan Home library Current library Date acquired Total Checkouts Full call number Barcode Date last seen Price effective from Koha item type
        Ratan Tata Library Ratan Tata Library 2022-09-25   H1131 L2 RT0409021 2022-09-25 2022-09-25 General Books
Copyright @ Delhi University Library System